| 000 | 00491ntaaa2200181 4500 | ||
|---|---|---|---|
| 003 | 01 | ||
| 005 | 20251027202717.0 | ||
| 008 | 0714s1973 ag 01 | ||
| 040 |
_aAR-BaBN _bspa _cAR-BaBN _eaacr _dRIC |
||
| 082 | _a575.0100 D25 | ||
| 100 |
_aDarwin, Charles _926792 |
||
| 245 |
_aOrigen de las especies por medio de la selección natural / _cCharles Darwin, |
||
| 250 | _a1 ed. | ||
| 260 |
_aMadrid : _bEspasa Calpe, _cc1930 |
||
| 300 | _a3 tomos | ||
| 650 |
_aevolución _91909 |
||
| 942 | _cBK | ||
| 999 |
_c22293 _d22293 |
||